Illustrated Harvard graphics version 2.3 / (Record no. 541870)

000 -LEADER
fixed length control field 00690cam a2200205 a 4500
020 ## - INTERNATIONAL STANDARD BOOK NUMBER
International Standard Book Number 1556221649 (pbk.) :
082 00 - DEWEY DECIMAL CLASSIFICATION NUMBER
Classification number 006.68
Author Mark LOR
-- ML-01,P-11.
100 1# - MAIN ENTRY--PERSONAL NAME
Personal name Lormor, Rebecca A.
9 (RLIN) 36933
245 10 - TITLE STATEMENT
Title Illustrated Harvard graphics version 2.3 /
Statement of responsibility, etc. Rebecca A. Lormor and Noel M. McMahan.
260 ## - PUBLICATION, DISTRIBUTION, ETC.
Place of publication, distribution, etc. Plano, Tex. :
Name of publisher, distributor, etc. Wordware Pub.,
Date of publication, distribution, etc. 1991.
300 ## - PHYSICAL DESCRIPTION
Extent vi, 378 p. :
Other physical details ill. ;
Dimensions 24 cm.
500 ## - GENERAL NOTE
General note Includes index.
526 ## - STUDY PROGRAM INFORMATION NOTE
Program name 0
Interest level 0
Reading level 0
Title point value 006_680000000000000_LOR
526 ## - STUDY PROGRAM INFORMATION NOTE
Program name 0
Interest level 0
Reading level 0
Title point value 006_680000000000000_LOR
526 ## - STUDY PROGRAM INFORMATION NOTE
Program name 0
Interest level 0
Reading level 0
Title point value 006_680000000000000_LOR
526 ## - STUDY PROGRAM INFORMATION NOTE
Program name 0
Interest level 0
Reading level 0
Title point value 006_680000000000000_LOR
650 ## - SUBJECT ADDED ENTRY--TOPICAL TERM
Topical term or geographic name entry element MCE
9 (RLIN) 379
700 1# - ADDED ENTRY--PERSONAL NAME
Personal name McMahan, Noel M.
9 (RLIN) 36934
942 ## - ADDED ENTRY ELEMENTS (KOHA)
Source of classification or shelving scheme
Koha item type Book
Holdings
Withdrawn status Lost status Source of classification or shelving scheme Damaged status Not for loan Permanent Location Current Location Date acquired Total Checkouts Full call number Barcode Date last seen Price effective from Koha item type
          Military College of Engineering (MCE) Military College of Engineering (MCE) 09/05/2013   006.68 LOR MCE-29207 09/05/2013 09/05/2013 Book
          Military College of Engineering (MCE) Military College of Engineering (MCE) 09/05/2013   006.68 LOR MCE-29208 09/05/2013 09/05/2013 Book
          Military College of Engineering (MCE) Military College of Engineering (MCE) 09/05/2013   006.68 LOR MCE-28969 09/05/2013 09/05/2013 Book
          Military College of Engineering (MCE) Military College of Engineering (MCE) 09/05/2013   006.68 LOR MCE-30407 09/05/2013 09/05/2013 Book
© 2023 Central Library, National University of Sciences and Technology. All Rights Reserved.